Regulation of enzyme synthesis and activity in higher plants: Proceedings (Record no. 33748)

MARC details
000 -LEADER
fixed length control field 00346nam a2200121Ia 4500
082 ## - DEWEY DECIMAL CLASSIFICATION NUMBER
Classification number 577.151.52
Item number SMI
245 #0 - TITLE STATEMENT
Title Regulation of enzyme synthesis and activity in higher plants: Proceedings
260 ## - PUBLICATION, DISTRIBUTION, ETC. (IMPRINT)
Place of publication London
Name of publisher Academic
Year of publication 1977
650 ## - SUBJECT ADDED ENTRY--TOPICAL TERM
Topical Term Enzyme synthesis
700 ## - ADDED ENTRY--PERSONAL NAME
Personal name SMITH, H
942 ## - ADDED ENTRY ELEMENTS (KOHA)
Koha item type Books
Holdings
Withdrawn status Lost status Damaged status Not for loan Home library Current library Date acquired Full call number Accession Number Koha item type
        RRII Library RRII Library 16/12/2021 577.151.52 SMI 14192 Books